00566 2200217 4500001002100000005001500021035002000036007000300056008004100059020001800100082001100118084001700129100002400146245005300170250000600223260004000229300004100269650001000310505001300320990001500333INLIS00000000000222420230829102550 a0010-0823000050ta230829 g 0 ind  a979-626-020-4 a340.59 a340.59 FAT f0 aFathurrahman Djamil1 aFilsafat Hukum Islam :b- /cFathurrahman Djamil a- aJakarta :bLogos Wacana Ilmu,c1999 ax. 181 hlm, :bilus ;c18 x 23 cme- 4aHukum ahlm. 181 a2001002189